Faculty of Law Library — Cairo University

Official Online Catalog

Code de procédure criminelle espagnol (14 septembre 1882) / (Record no. 71576)

MARC details
000 -LEADER
fixed length control field 00989nam a2200301 i 4500
003 - CONTROL NUMBER IDENTIFIER
control field EG-GICUC
005 - DATE AND TIME OF LATEST TRANSACTION
control field 20260418074403.0
008 - FIXED-LENGTH DATA ELEMENTS--GENERAL INFORMATION
fixed length control field 260418s1898 fr ||||fr|||| 00| 0 fre d
040 ## - CATALOGING SOURCE
Original cataloging agency EG-GICUC
Language of cataloging fre
Transcribing agency EG-GICUC
Modifying agency EG-GICUC
Description conventions rda
041 ## - LANGUAGE CODE
Language code of text/sound track or separate title fre
082 04 - DEWEY DECIMAL CLASSIFICATION NUMBER
Edition number 21
Classification number 343.302046
Item number VE . C
092 04 - LOCALLY ASSIGNED DEWEY CALL NUMBER (OCLC)
Edition number 21
099 ## - LOCAL FREE-TEXT CALL NUMBER (OCLC)
Classification number Law1 10 343.302046 VE . C 1898
100 1# - MAIN ENTRY--PERSONAL NAME
Personal name Verdier, Gabriel
Relator term Auteur
245 10 - TITLE STATEMENT
Title Code de procédure criminelle espagnol (14 septembre 1882) /
Statement of responsibility, etc. Par Gabriel Verdier, Joseph Depeiges.
264 #1 - PRODUCTION, PUBLICATION, DISTRIBUTION, MANUFACTURE, AND COPYRIGHT NOTICE
Place of production, publication, distribution, manufacture Paris :
Name of producer, publisher, distributor, manufacturer Imprimerie nationale,
Date of production, publication, distribution, manufacture, or copyright notice 1898.
300 ## - PHYSICAL DESCRIPTION
Extent 404 pages.
Dimensions 25 cm.
336 ## - CONTENT TYPE
Source rda content
Content type term text
337 ## - MEDIA TYPE
Source rda media
Media type term Computer
338 ## - CARRIER TYPE
Source rda carrier
Carrier type term Online Resource
546 ## - LANGUAGE NOTE
Language note Texte en français
650 1# - SUBJECT ADDED ENTRY--TOPICAL TERM
Source of heading or term Droit pénal
650 1# - SUBJECT ADDED ENTRY--TOPICAL TERM
Source of heading or term Droit de procédure pénale
General subdivision Code
Geographic subdivision Espagne
700 1# - ADDED ENTRY--PERSONAL NAME
Personal name Depeiges, Joseph,
Relator term Éditeur
856 40 - ELECTRONIC LOCATION AND ACCESS
Uniform Resource Identifier <a href="https://fll.law.cu.edu.eg/fulltext/bks/B10-09155.pdf">https://fll.law.cu.edu.eg/fulltext/bks/B10-09155.pdf</a>
905 ## - Cataloger and Reviser Names
Cataloger Name: Gomana
942 ## - ADDED ENTRY ELEMENTS (KOHA)
Source of classification or shelving scheme Dewey Decimal Classification
Suppress in OPAC No
Koha item type Books
Edition 21
Holdings
Withdrawn status Lost status Source of classification or shelving scheme Damaged status Not for loan Collection Home library Current library Date acquired Total checkouts Full call number Barcode Date last seen Copy number Price effective from Koha item type
    Dewey Decimal Classification   Not for loan القانون الجنائي جــــامعة القــاهرة مكتبة كلية الحقوق - المبنى الرئيسي 18.04.2026   Law1 10 343.302046 VE . C 1898 1009155 C1 B10-09155 18.04.2026 1 18.04.2026 Books

© All rights reserved — Faculty of Law, Cairo University